LEADER 01403nam a2200313 u 4500 001 000000070263 003 CaOOAMICUS 005 20070226122012.0 008 020502s2001 gw u000 u ger u 020 $a3787315853 035 $a10928462 040 $aPUL$bita 100 1 $aSchäfer, Rainer.$0(OLS)http://pul/name/46745 245 14$aDie Dialektik und ihre besonderen Formen in Hegels Logik :$bentwicklungsgeschichtliche und sistematische Untersuchungen /$cvon Rainer Schäfer. 260 $aHamburg :$bMeiner,$c2001. 300 $axi, 346 p. ;$c24 cm 490 1 $aHegel-Studien.$aBeiheft ;$v45 502 $aDiss. -- Zugl. Köln Universität, 2000. 504 $aBibliografia in nota. 600 14$aHegel, Karl,$d1813-1901.$0(OLS)http://pul/subject/22199 650 4$aFilosofia$xStoria.$0(OLS)http://pul/subject/580 830 0$aHegel-Studien.$pBeiheft ;$v45.$0(OLS)http://pul/title/69312 850 $aPUL 852 $aPUL$W1$xSL Filosofia 1$y2$m85 F 2.45$j144714$nBK-PRI$qStampati$B90919$CPULBib$Z2$F90919 $H87085 $82 941 1 $a8 961 $aINV: 87085 996 $6020$a3787315853$9(OLS)http://pul/number/90917 996 $6245$aDie Dialektik und ihre besonderen Formen in Hegels Logik :$bentwicklungsgeschichtliche und sistematische Untersuchungen$9(OLS)http://pul/title/92656 996 $6260$aHamburg :$bMeiner$9(OLS)http://pul/publisher/48261 LEADER 00848nam a2200241 a 4500 001 000000167350 003 CaOOAMICUS 005 20180424125339.0 008 180424s1958 it u000 u ita r 032 $aLibriCat 040 $aPUL$bita 041 1 $aita$hger 100 1 $aCases, Cesare.$0(OLS)http://pul/name/77767 245 10$aMarxismo e neopositivismo / $cCesare Cases. 260 $aTorino :$bEinaudi,$c©1958. 300 $a100 p. ;$c22 cm. 650 4$aMarxismo.$0(OLS)http://pul/subject/4889 850 $aPUL 852 $aPUL$W1$xDP1 Fondo Dalla Palma$y117$m2 D 95$j191347$qFondi$B194914$CPULBib$Z2$F194914 $HDal195 $81 941 1 $a1 996 $6245$aMarxismo e neopositivismo / $9(OLS)http://pul/title/207360 996 $6260$aTorino :$bEinaudi$9(OLS)http://pul/publisher/48130